000 00776nas a2200241 4500
001 BR2010024585
003 BR-BrBNA
005 20231205120751.0
007 ta
008 230509b bl.|||p| |||| 00| 00por d
040 _aBR-BrBNA
_bpor
_cBiblioteca Nacional de Agricultura
041 _a(Pt)
072 _aL72
100 1 _aSouza, M.A.A.
100 1 _aMelo, A.L.
245 1 _aCaracterização de larvas de trematódeos emergentes de moluscos gastrópodes coletados em Mariana, Minas Gerais, Brasil
650 _aMORFOLOGIA ANIMAL
650 _aTREMATÓDEO
650 _aMOLUSCO
773 0 _tIheringia. Série Zoologia (Brazil)
_xISSN 0073-4721
_g(Mar 2012), v. 102(1) p. 11-18
_wBR2010024585
909 _a202311
_bLúcia
_c55
_dLúcia Elande
942 _2AGRIS
_n0
_cANA
999 _c220202
_d220202